| 000 | 00492nam a2200169 a 4500 | ||
|---|---|---|---|
| 003 | BD-DhJNU | ||
| 005 | 20250826045910.0 | ||
| 008 | 250501s1979 ii a b 001 0 eng | ||
| 040 |
_aBD-DhJNU _bENG _cBD-DhJNU _dBD-DhJNU |
||
| 082 | 0 | 0 |
_a951.9 GIM _223 |
| 100 | 1 | _aGil, Kim Han | |
| 245 | 1 | 0 |
_aModern history of Korea / _cKim Han Gil |
| 260 |
_aPyongyang, Korea : _bForeign Languages Publishing House, _c1979. |
||
| 300 |
_a605 p. : _bill. ; _c22 cm. |
||
| 650 | 0 | _aHistory of Korea | |
| 942 | _cBK | ||
| 999 |
_c2027 _d2027 |
||